000 01075nam a2200277Ia 4500
001 ebr10435035
003 CaPaEBR
006 m u
007 cr cn|||||||||
008 100727s2010 mdu sb 000 0 eng d
020 _z9780761851844
040 _aCaPaEBR
_cCaPaEBR
035 _a(OCoLC)704284918
050 1 4 _aBM538.P68
_bR33 2010eb
100 1 _aRabinowitz, Aaron,
_d1931-
245 1 0 _aJudaic spiritual psychotherapy
_h[electronic resource] /
_cAaron Rabinowitz.
260 _aLanham, MD :
_bUniversity Press of America,
_cc2010.
300 _aiii, 87 p.
504 _aIncludes bibliographical references.
533 _aElectronic reproduction.
_bPalo Alto, Calif. :
_cebrary,
_d2011.
_nAvailable via World Wide Web.
_nAccess may be limited to ebrary affiliated libraries.
650 0 _aJudaism and psychology.
650 0 _aJudaism
_xPsychology.
655 7 _aElectronic books.
_2local
710 2 _aebrary, Inc.
856 4 0 _uhttp://site.ebrary.com/lib/rucke/Doc?id=10435035
_zAn electronic book accessible through the World Wide Web; click to view
999 _c148720
_d148720